000
00224nam a22000857a 4500
008
160624b xxu||||| |||| 00| 0 eng d
100
_9
1015
_a
Chaudhuri, B.P
245
_a
William Shakespear As You Like it
260
_a
N.D
_b
Aarti
_c
1981
999
_c
813
_d
813